00552cam a22001577a 4500008004000000082001200040245005500052260002800107300000800135650002100143650001800164700002700182999001900209952008300228952008300311180718b1967 xxu||||| |||| 00| 0 eng d aJ7 El24 aTaming megalopliscedited by H. Wentworth Elderdge aNew YorkbPraegerc1967 a2v. aCities and towns aCity planning aEldredge, H. Wentworth c364896d364896 00104070aIIPAbIIPAd1994-04-15oJ7 El24p42501r2018-07-21w2018-07-21yBK 00104070aIIPAbIIPAd1994-04-15oJ7 El24p42500r2018-07-21w2018-07-21yBK